[Event "Thüringenliga 2015/2016"]
[Site "?"]
[Date "2016.04.17"]
[Round "8"]
[White "Rohmeiß, Roberto"]
[Black "Mißbach, Bernd"]
[Result "1-0"]
[WhiteElo "1973"]
[BlackElo "1961"]
[PlyCount "64"]
[EventDate "2016.??.??"]
[WhiteTeam "TSG Apolda"]
[BlackTeam "SV Jenapharm Jena"]

1. d4 f5 2. c4 Nf6 3. Nf3 g6 4. g3 Bg7 5. Bg2 O-O 6. O-O d6 7. Nc3 c6 8. Qc2
Nbd7 9. Rd1 Qc7 10. Ng5 Nb6 11. c5 Nbd5 12. Qb3 e6 13. Nxd5 exd5 14. Bf4 Qd7
15. Bxd6 Re8 16. Be5 h6 17. Nf3 g5 18. e3 Qf7 19. Qd3 Qh5 20. Re1 Bd7 21. b4 a6
22. a4 Kf7 23. Qe2 Qg6 24. Bd6 Ne4 25. Ne5+ Bxe5 26. Bxe5 g4 27. f3 Ng5 28.
fxg4 fxg4 29. Rf1+ Kg8 30. Rf6 Qh7 31. Raf1 h5 32. Qf2 Re6 1-0

[Event "Thüringenliga 2015/2016"]
[Site "?"]
[Date "2016.04.17"]
[Round "8"]
[White "Wicklein, Stefan"]
[Black "Carnot, Luca"]
[Result "1/2-1/2"]
[WhiteElo "1952"]
[BlackElo "1770"]
[PlyCount "49"]
[EventDate "2016.??.??"]
[WhiteTeam "SV Jenapharm Jena"]
[BlackTeam "TSG Apolda"]

1. d4 Nf6 2. Nf3 g6 3. g3 Bg7 4. Bg2 O-O 5. O-O d5 6. c4 dxc4 7. Qa4 Bd7 8.
Qxc4 Bc6 9. Nc3 Nbd7 10. Qd3 e6 11. Rd1 Qe7 12. Bf4 Nb6 13. e4 Nh5 14. Be3 f5
15. Bg5 Qf7 16. e5 h6 17. Bc1 Rad8 18. b3 g5 19. Ba3 Rfe8 20. Re1 Bf8 21. Bxf8
Rxf8 22. Rad1 Rd7 23. Ne2 Rfd8 24. Qc3 Qe7 25. Nd2 1/2-1/2

[Event "Thüringenliga 2015/2016"]
[Site "?"]
[Date "2016.04.17"]
[Round "8"]
[White "Vater, Rainer"]
[Black "Schmidt, Matthias"]
[Result "1/2-1/2"]
[WhiteElo "1904"]
[BlackElo "1946"]
[PlyCount "160"]
[EventDate "2016.??.??"]
[WhiteTeam "SV Jenapharm Jena"]
[BlackTeam "TSG Apolda"]

1. e4 c5 2. Nc3 Nc6 3. g3 g6 4. d3 Bg7 5. Be3 d6 6. Bg2 Bd7 7. Qd2 Nf6 8. h3
Qa5 9. f4 O-O-O 10. O-O-O b5 11. Kb1 b4 12. Nce2 Be6 13. Nc1 Ne8 14. Nf3 Nc7
15. Ng5 Nb5 16. Nb3 Qa6 17. Nxe6 fxe6 18. e5 Na5 19. Qf2 Rhf8 20. Qf3 Nb7 21.
Qc6+ Qxc6 22. Bxc6 a6 23. d4 cxd4 24. Bxd4 Nxd4 25. Bxb7+ Kxb7 26. Nxd4 dxe5
27. Nxe6 Rxd1+ 28. Rxd1 Rg8 29. Rd7+ Kc6 30. Rxe7 exf4 31. Nxf4 Bh6 32. Re6+
Kb5 33. Re5+ Kc6 34. Re6+ Kb5 35. Re5+ Kc6 36. Re6+ Kb5 37. Re4 Bxf4 38. Rxf4
Re8 39. Kc1 Re3 40. Rg4 Re2 41. Kd1 Rh2 42. h4 a5 43. Re4 Rg2 44. Rg4 Rg1+ 45.
Kd2 Ra1 46. Rg5+ Kb6 47. h5 gxh5 48. Rxh5 a4 49. Rh6+ Kb5 50. Rh5+ Kb6 51. Rh6+
Kb5 52. b3 a3 53. Rxh7 Rxa2 54. Rh1 Rb2 55. Ra1 Kc5 56. Kd3 Kb5 57. g4 a2 58.
Kd2 Rb1 59. Rxa2 Rg1 60. Ra8 Rxg4 61. c4+ bxc3+ 62. Kxc3 Rg3+ 63. Kb2 Rg2+ 64.
Ka3 Rg3 65. Rh8 Rg1 66. Rh5+ Kb6 67. Ka4 Rg4+ 68. b4 Rg6 69. Rh4 Rf6 70. Rc4
Rh6 71. b5 Rg6 72. Kb4 Rh6 73. Rc8 Rh4+ 74. Rc4 Rh6 75. Rc8 Rh4+ 76. Rc4 Rh6
77. Rg4 Rf6 78. Rc4 Rh6 79. Rc6+ Rxc6 80. bxc6 Kxc6 1/2-1/2

[Event "Thüringenliga 2015/2016"]
[Site "?"]
[Date "2016.04.17"]
[Round "8"]
[White "Henzgen, Nick"]
[Black "Rauhut, Frank"]
[Result "1/2-1/2"]
[WhiteElo "1506"]
[BlackElo "1890"]
[PlyCount "38"]
[EventDate "2016.??.??"]
[WhiteTeam "TSG Apolda"]
[BlackTeam "SV Jenapharm Jena"]

1. e4 g6 2. d4 Bg7 3. c4 c5 4. Nf3 cxd4 5. Nxd4 Nf6 6. Nc3 Nc6 7. Be3 d6 8. Bd3
Ng4 9. Nxc6 bxc6 10. Bf4 Qb6 11. Qd2 Rb8 12. Rb1 Qd4 13. O-O Ne5 14. Be2 Qxd2
15. Bxd2 Ba6 16. b3 O-O 17. f4 Nd7 18. Bf3 Bd4+ 19. Kh1 Rbc8 1/2-1/2

[Event "Thüringenliga 2015/2016"]
[Site "?"]
[Date "2016.04.17"]
[Round "8"]
[White "Jung, Florian"]
[Black "Kroh, Christian"]
[Result "1-0"]
[WhiteElo "1857"]
[BlackElo "1403"]
[PlyCount "137"]
[EventDate "2016.??.??"]
[WhiteTeam "SV Jenapharm Jena"]
[BlackTeam "TSG Apolda"]

1. c4 e5 2. Nc3 Nf6 3. g3 d6 4. Bg2 Be7 5. Rb1 c6 6. b4 Qc7 7. d4 Nbd7 8. e3
O-O 9. Nge2 Rd8 10. Qb3 Nb6 11. d5 cxd5 12. cxd5 Bd7 13. O-O Qc8 14. Rd1 Bh3
15. Bb2 Bxg2 16. Kxg2 Qf5 17. f3 e4 18. f4 Qh5 19. Nd4 Ng4 20. Nxe4 Nxd5 21.
Re1 Ndf6 22. Nxf6+ Bxf6 23. h3 Nh6 24. Nf3 Qg6 25. Bxf6 Qxf6 26. e4 Kf8 27.
Rbd1 Rac8 28. Rd2 Rc6 29. Red1 Rcc8 30. Qe3 a6 31. g4 Rc3 32. Rd3 Rc2+ 33. R1d2
Rxd2+ 34. Rxd2 Qe7 35. Rd5 Ng8 36. g5 f6 37. h4 Qc7 38. Nd4 Qc8 39. f5 Kf7 40.
Qb3 Ke7 41. Ne6 Rd7 42. Nxg7 Rc7 43. Rd2 Rc4 44. Qe3 Qc6 45. Rd4 Rxd4 46. Qxd4
Qc2+ 47. Kg3 Qc1 48. Ne6 Qe1+ 49. Kh3 Qf1+ 50. Kg3 Qe1+ 51. Qf2 Qxe4 52. Qf3
Qe1+ 53. Kg4 Qxb4+ 54. Nf4 Kd7 55. Qd5 h5+ 56. Kxh5 Qxf4 57. Qxg8 Qxf5 58. Qf7+
Kc6 59. Qxf6 Qh7+ 60. Qh6 Qf7+ 61. Qg6 Qxa2 62. Qe8+ Kc5 63. g6 Qd5+ 64. Kh6
Qf5 65. Qe3+ Kc6 66. Qg5 Qe6 67. Kh7 Qe4 68. Qd8 b5 69. Qa8+ 1-0

[Event "Landesklasse Ost 2016/2017"]
[Site "?"]
[Date "2016.09.26"]
[Round "1"]
[White "Sunderbrink, Heino"]
[Black "Kalisch, Michael"]
[Result "1/2-1/2"]
[WhiteElo "1888"]
[BlackElo "2064"]
[PlyCount "99"]
[EventDate "2016.??.??"]
[WhiteTeam "SV Medizin Erfurt"]
[BlackTeam "ESV Lok Sömmerda"]

1. Nf3 Nf6 2. c4 e6 3. g3 d5 4. b3 b6 5. Bg2 Bb7 6. O-O Be7 7. Bb2 O-O 8. e3 c5
9. Qe2 Nbd7 10. Nc3 Rc8 11. Rfd1 Qc7 12. Rac1 Qb8 13. d4 dxc4 14. bxc4 cxd4 15.
exd4 Rfe8 16. Nh4 Ba6 17. Nb5 Bxb5 18. cxb5 Nd5 19. Nf3 Rxc1 20. Rxc1 Rc8 21.
Rxc8+ Qxc8 22. Ne5 Nxe5 23. dxe5 Qc5 24. Be4 g6 25. h4 Nc3 26. Bxc3 Qxc3 27.
Bc2 h5 28. Kg2 Bc5 29. Bb3 Qa1 30. Qf3 Qxe5 31. Qd3 Kg7 32. Qf3 Bd4 33. Bc4 Qc5
34. Bf1 Qc2 35. Qe2 Qc5 36. Qf3 e5 37. Qe2 Qd5+ 38. f3 Bc5 39. Qb2 Bd4 40. Qe2
Bc5 41. Kh3 Qd7+ 42. Kg2 Qd4 43. Kh3 Qa1 44. Bg2 Bd4 45. Bf1 Qc1 46. Qc4 Qe1
47. Qe2 Qc3 48. Qd3 Qc7 49. Qe4 Qe7 50. Qd5 1/2-1/2

[Event "Landesklasse Ost 2016/2017"]
[Site "?"]
[Date "2016.09.26"]
[Round "1"]
[White "Kühn, Martin"]
[Black "Zeuner, Ulrich"]
[Result "1-0"]
[WhiteElo "1954"]
[BlackElo "1898"]
[PlyCount "59"]
[EventDate "2016.??.??"]
[WhiteTeam "ESV Lok Sömmerda"]
[BlackTeam "SV Medizin Erfurt"]

1. d4 Nf6 2. c4 c5 3. d5 b5 4. cxb5 a6 5. bxa6 Bxa6 6. Nc3 d6 7. e4 g6 8. Bd3
Bg7 9. Nge2 O-O 10. Ng3 Bxd3 11. Qxd3 Na6 12. h4 h5 13. O-O Ng4 14. Bg5 Nb4 15.
Qd2 c4 16. f3 Ne5 17. Bh6 Nbd3 18. Bxg7 Kxg7 19. Nf5+ gxf5 20. Qg5+ Ng6 21.
exf5 Qb6+ 22. Kh1 Qxb2 23. Ne4 Ndf4 24. fxg6 Nxg6 25. Ng3 Kg8 26. Nf5 Rxa2 27.
Nxe7+ Kg7 28. Nf5+ Kg8 29. Rxa2 Qxa2 30. Qf6 1-0

[Event "Landesklasse Ost 2016/2017"]
[Site "?"]
[Date "2016.09.26"]
[Round "1"]
[White "Rost, Detlef"]
[Black "Siegemund, Joachim"]
[Result "1/2-1/2"]
[WhiteElo "1843"]
[BlackElo "2011"]
[PlyCount "47"]
[EventDate "2016.??.??"]
[WhiteTeam "SV Medizin Erfurt"]
[BlackTeam "ESV Lok Sömmerda"]

1. d4 d5 2. c4 c6 3. Nf3 Nf6 4. Qb3 Qb6 5. c5 Qc7 6. g3 Bf5 7. Nc3 Nbd7 8. Bg2
b6 9. Bf4 Qc8 10. Nh4 Bg6 11. cxb6 Nxb6 12. O-O e6 13. Rac1 Qa6 14. Nxg6 hxg6
15. e4 Kd7 16. exd5 Nfxd5 17. Nxd5 Nxd5 18. Bxd5 exd5 19. Qf3 Re8 20. Rfe1 Bb4
21. Rxe8 Rxe8 22. Qg4+ Re6 23. a3 f5 24. Qf3 1/2-1/2

[Event "Landesklasse Ost 2016/2017"]
[Site "?"]
[Date "2016.09.26"]
[Round "1"]
[White "Nguyen, Ha Thanh"]
[Black "Kirste, Olaf"]
[Result "0-1"]
[WhiteElo "1699"]
[BlackElo "1861"]
[PlyCount "112"]
[EventDate "2016.??.??"]
[WhiteTeam "SV Medizin Erfurt"]
[BlackTeam "ESV Lok Sömmerda"]

1. e4 c5 2. Nf3 e6 3. d4 cxd4 4. Nxd4 Nf6 5. Nc3 d6 6. Be2 a6 7. Be3 Qc7 8. Qd2
Nbd7 9. f3 b5 10. a3 Bb7 11. O-O Be7 12. Rad1 Rc8 13. Bxb5 axb5 14. Ndxb5 Qb8
15. Nxd6+ Bxd6 16. Qxd6 Qxd6 17. Rxd6 Ke7 18. Rd2 Ne5 19. b3 Rxc3 20. Bd4 Nxf3+
21. gxf3 Rc6 22. c3 Ra8 23. a4 Nd7 24. Rfd1 f6 25. c4 Bc8 26. Rg2 g6 27. Rc2
Rb8 28. Rc3 e5 29. Be3 Nf8 30. Rd5 Ne6 31. Kf2 Nc7 32. Rd2 Be6 33. Ke2 Na6 34.
Rd1 Nb4 35. a5 Ra6 36. Bb6 Nc6 37. Bc7 Rb7 38. Bd6+ Ke8 39. Bc5 Nxa5 40. Rdd3
Rxb3 41. Rc2 Rxd3 42. Kxd3 Rc6 43. Bb4 Nxc4 44. Ke2 Rb6 45. Bc5 Rb2 46. Rxb2
Nxb2 47. Bb4 Nc4 48. Kf2 Kd7 49. Bf8 f5 50. exf5 gxf5 51. Bh6 Bd5 52. Ke2 Ke6
53. Bg5 e4 54. Bh4 Ke5 55. Be1 Nd6 56. Bf2 Nb5 0-1

[Event "Landesklasse Ost 2016/2017"]
[Site "?"]
[Date "2016.09.26"]
[Round "1"]
[White "Böhnke, Hartmut"]
[Black "Stumm, Rainer"]
[Result "1-0"]
[WhiteElo "1748"]
[BlackElo "1558"]
[PlyCount "91"]
[EventDate "2016.??.??"]
[WhiteTeam "ESV Lok Sömmerda"]
[BlackTeam "SV Medizin Erfurt"]

1. b4 f5 2. Bb2 e6 3. e3 Nf6 4. b5 c6 5. a4 a6 6. c4 axb5 7. axb5 Rxa1 8. Bxa1
d5 9. Nf3 Bd6 10. Be2 O-O 11. O-O Qe8 12. Qb3 Nbd7 13. d4 Ne4 14. Ne5 Nxe5 15.
dxe5 Be7 16. Bd4 f4 17. exf4 Rxf4 18. f3 Ng5 19. Be3 Rf8 20. Nd2 Bd7 21. f4 Nf7
22. Nf3 Qa8 23. Bd3 cxb5 24. cxd5 Qa4 25. Rb1 Qxb3 26. Rxb3 exd5 27. Bxb5 Bc6
28. Bxc6 bxc6 29. Rb7 Re8 30. Rc7 Nd8 31. Nd4 Bc5 32. Rc8 Kf7 33. Nf5 Bxe3+ 34.
Nxe3 Ke6 35. Rc7 d4 36. Nc2 d3 37. Ne3 Re7 38. f5+ Kf7 39. e6+ Ke8 40. Rc8 Rb7
41. Kf2 Rb1 42. Rc7 Rb4 43. Rxg7 c5 44. Nd5 Nxe6 45. fxe6 Rd4 46. Rg8# 1-0

[Event "Landesklasse Ost 2016/2017"]
[Site "?"]
[Date "2016.09.26"]
[Round "1"]
[White "Jakob, Matthias"]
[Black "Berger, Nils"]
[Result "1/2-1/2"]
[WhiteElo "1971"]
[BlackElo "1654"]
[PlyCount "81"]
[EventDate "2016.??.??"]
[WhiteTeam "SV Medizin Erfurt"]
[BlackTeam "ESV Lok Sömmerda"]

1. d4 e6 2. Nf3 d5 3. e3 Nf6 4. Bd3 Be7 5. Nbd2 Nbd7 6. O-O O-O 7. b3 b6 8. Bb2
Bb7 9. Ne5 c5 10. Qf3 Qc7 11. Qh3 h6 12. f4 Ne4 13. Ndf3 cxd4 14. exd4 a5 15.
g4 Ba6 16. c4 Nxe5 17. Nxe5 Bf6 18. Rac1 Bxe5 19. fxe5 Ng5 20. Qe3 Qe7 21. Rf2
Bb7 22. h4 Ne4 23. Bxe4 dxe4 24. g5 h5 25. Rcf1 g6 26. a3 a4 27. b4 Ba6 28. b5
Bb7 29. Rf6 Rac8 30. d5 exd5 31. e6 Rxc4 32. Rxf7 Rxf7 33. Rxf7 Qxe6 34. Rg7+
Kf8 35. Qf4+ Ke8 36. Rxb7 e3 37. Rb8+ Kd7 38. Rb7+ Ke8 39. Rb8+ Kd7 40. Rb7+
Ke8 41. Rb8+ 1/2-1/2

[Event "Landesklasse Ost 2016/2017"]
[Site "?"]
[Date "2016.09.26"]
[Round "1"]
[White "Vogel, Alfred"]
[Black "Seele, Hartmut"]
[Result "1-0"]
[WhiteElo "1722"]
[BlackElo "1709"]
[PlyCount "55"]
[EventDate "2016.??.??"]
[WhiteTeam "ESV Lok Sömmerda"]
[BlackTeam "SV Medizin Erfurt"]

1. e4 d6 2. d4 Nf6 3. Bd3 e5 4. c3 g6 5. Ne2 Bg7 6. O-O O-O 7. h3 Nc6 8. d5 Ne7
9. Be3 Nd7 10. Ng3 f5 11. exf5 gxf5 12. Bg5 e4 13. Bc2 Ne5 14. Nh5 Rf7 15. Nd2
h6 16. Bxe7 Qxe7 17. Nf4 Qg5 18. g3 Ng6 19. h4 Nxh4 20. Nh3 Qg6 21. Kh2 Be5 22.
Rg1 Rg7 23. Kh1 Nf3 24. Nxf3 Qh5 25. Nh4 Rg4 26. f4 exf3 27. Qxf3 Rxh4 28.
gxh4+ 1-0

[Event "Landesklasse Ost 2016/2017"]
[Site "?"]
[Date "2016.09.26"]
[Round "1"]
[White "Hoffmann, Tim"]
[Black "Ahnert, Toni"]
[Result "1-0"]
[WhiteElo "2048"]
[BlackElo "1942"]
[PlyCount "83"]
[EventDate "2016.??.??"]
[WhiteTeam "ESV Gera"]
[BlackTeam "SC Rochade Zeulenroda"]

1. e4 c5 2. Nf3 Nc6 3. d4 cxd4 4. Nxd4 Nf6 5. Nc3 g6 6. Be3 Bg7 7. Bc4 O-O 8.
Bb3 d6 9. f3 Bd7 10. Qd2 Ne5 11. Bh6 Rc8 12. Bxg7 Kxg7 13. O-O-O Nc4 14. Bxc4
Rxc4 15. h4 h5 16. Kb1 b5 17. Ndxb5 Qb6 18. b3 Rc5 19. Na3 Rfc8 20. Nd5 Nxd5
21. exd5 Ra5 22. c4 Kg8 23. Qb2 Qb4 24. Nc2 Bf5 25. g4 hxg4 26. fxg4 Bxc2+ 27.
Qxc2 Rac5 28. Qb2 a5 29. h5 g5 30. h6 f6 31. Qc2 Kh8 32. Rd4 a4 33. Re4 R5c7
34. Qb2 Kh7 35. Rhe1 Qb7 36. b4 a3 37. Qxa3 Rb8 38. b5 Kxh6 39. Qh3+ Kg7 40.
Rh1 e5 41. Qh7+ Kf8 42. Qh8+ 1-0

[Event "Landesklasse Ost 2016/2017"]
[Site "?"]
[Date "2016.09.26"]
[Round "1"]
[White "Fuchs, Antje"]
[Black "Puschendorf, Steffen"]
[Result "1/2-1/2"]
[WhiteElo "1927"]
[BlackElo "2031"]
[PlyCount "53"]
[EventDate "2016.??.??"]
[WhiteTeam "SC Rochade Zeulenroda"]
[BlackTeam "ESV Gera"]

1. e4 e6 2. d4 d5 3. Nc3 Bb4 4. e5 c5 5. a3 Bxc3+ 6. bxc3 Ne7 7. Nf3 h6 8. Be3
Qa5 9. Qd2 b6 10. c4 Qxd2+ 11. Kxd2 cxd4 12. Nxd4 Nbc6 13. cxd5 Nxd4 14. Bxd4
Nxd5 15. Bb5+ Bd7 16. a4 O-O-O 17. c3 Kb7 18. Rhb1 Bxb5 19. axb5 Nc7 20. Ke3
Rd7 21. c4 Rhd8 22. Rd1 a6 23. bxa6+ Nxa6 24. Rab1 Nc5 25. Rd2 Kc6 26. Rbb2 Na4
27. Rb4 1/2-1/2

[Event "Landesklasse Ost 2016/2017"]
[Site "?"]
[Date "2016.09.26"]
[Round "1"]
[White "Gläßl, Matthias"]
[Black "Glock, Benjamin"]
[Result "1-0"]
[WhiteElo "2065"]
[BlackElo "1791"]
[PlyCount "113"]
[EventDate "2016.??.??"]
[WhiteTeam "ESV Gera"]
[BlackTeam "SC Rochade Zeulenroda"]

1. e4 e5 2. Nf3 Nc6 3. Bc4 Bc5 4. c3 Nf6 5. b4 Bb6 6. d3 d6 7. Bb3 h6 8. a3 O-O
9. O-O a6 10. Nbd2 Be6 11. Nc4 Ba7 12. Re1 b5 13. Ne3 Qd7 14. a4 Ng4 15. Bxe6
Qxe6 16. Nxg4 Qxg4 17. Be3 Bxe3 18. Rxe3 Ne7 19. h3 Qe6 20. d4 Ng6 21. dxe5
dxe5 22. Qf1 c6 23. Ne1 Nf4 24. Kh2 Qe7 25. g3 Ne6 26. Nd3 Qc7 27. Qe2 Rfd8 28.
Qh5 f6 29. Qe2 Qb6 30. Qa2 Rd6 31. Nc5 Re8 32. axb5 axb5 33. Qa6 Qxa6 34. Rxa6
Nxc5 35. bxc5 Rd2 36. Kg2 Rc8 37. Kf1 Kf7 38. Ke1 Rd7 39. Ke2 Ke6 40. h4 h5 41.
f4 g6 42. Rf3 Rg7 43. Rf1 f5 44. Ke3 Rd7 45. Rb1 fxe4 46. Kxe4 exf4 47. gxf4
Kf7 48. f5 gxf5+ 49. Kf4 Rd5 50. c4 Rd4+ 51. Kxf5 Rxc4 52. Ra7+ Kf8 53. Rd1
Rxc5+ 54. Kg6 Rd5 55. Rf1+ Ke8 56. Rff7 c5 57. Kg7 1-0

[Event "Landesklasse Ost 2016/2017"]
[Site "?"]
[Date "2016.09.26"]
[Round "1"]
[White "Barth, Christian"]
[Black "Schmidt, Frank"]
[Result "0-1"]
[WhiteElo "1848"]
[BlackElo "1965"]
[PlyCount "98"]
[EventDate "2016.??.??"]
[WhiteTeam "SC Rochade Zeulenroda"]
[BlackTeam "ESV Gera"]

1. e4 e6 2. d4 d5 3. exd5 exd5 4. Bd3 Bd6 5. Nc3 c6 6. Nf3 Bg4 7. O-O Ne7 8.
Re1 Qc7 9. h3 Bh5 10. g4 Bg6 11. Ne5 O-O 12. f4 Bxd3 13. Qxd3 f6 14. Nf3 Ng6
15. f5 Nf4 16. Bxf4 Bxf4 17. Re6 Na6 18. Rae1 Bd6 19. Kg2 Qd7 20. Na4 Nc7 21.
R6e2 Rae8 22. Nc5 Bxc5 23. dxc5 Rxe2+ 24. Rxe2 Re8 25. Nd4 Kf7 26. a3 Re5 27.
c3 Qe7 28. Kf3 Qxc5 29. h4 Qe7 30. Qd2 c5 31. Rxe5 Qxe5 32. Ne2 Qe4+ 33. Kg3
Ke7 34. Nf4 Kd6 35. Nh5 Qe7 36. Nf4 Kc6 37. b4 b6 38. a4 Qe4 39. Nh5 g6 40.
Nxf6 Qe5+ 41. Kh3 Qxf6 42. fxg6 hxg6 43. b5+ Kb7 44. h5 gxh5 45. gxh5 Qf5+ 46.
Kh4 Ne6 47. h6 Nf4 48. Qc1 Qh5+ 49. Kg3 Ne2+ 0-1

[Event "Landesklasse Ost 2016/2017"]
[Site "?"]
[Date "2016.09.26"]
[Round "1"]
[White "Hilbig, Dieter"]
[Black "Skibbe, Diana"]
[Result "0-1"]
[WhiteElo "1915"]
[BlackElo "1935"]
[PlyCount "90"]
[EventDate "2016.??.??"]
[WhiteTeam "ESV Gera"]
[BlackTeam "SC Rochade Zeulenroda"]

1. e4 e5 2. Nf3 Nc6 3. Bc4 Nf6 4. d3 Be7 5. c3 d6 6. Nbd2 Na5 7. Bb5+ c6 8. Ba4
b5 9. Bc2 c5 10. Nf1 Bb7 11. Ng3 g6 12. Bh6 Ng4 13. Qd2 Nxh6 14. Qxh6 Bf8 15.
Qe3 Bg7 16. h4 h5 17. Ne2 Bh6 18. Ng5 f6 19. Ne6 Qe7 20. Qg3 Qxe6 21. Qxg6+ Qf7
22. Qg3 Rg8 23. Qh2 Qg6 24. g3 c4 25. f3 Be3 26. Rd1 d5 27. Qh3 Bc8 28. Qg2 d4
29. cxd4 exd4 30. dxc4 Nxc4 31. Bb3 Be6 32. Nxd4 Bxd4 33. Rxd4 Qxg3+ 34. Qxg3
Rxg3 35. Kf2 Rg7 36. Re1 Ke7 37. e5 fxe5 38. Bxc4 bxc4 39. Rxe5 Rag8 40. Rde4
Rg2+ 41. Ke3 R8g6 42. f4 Kd6 43. Rd4+ Kc6 44. Rxh5 R6g3+ 45. Ke4 Re2# 0-1

[Event "Landesklasse Ost 2016/2017"]
[Site "?"]
[Date "2016.09.26"]
[Round "1"]
[White "Klamuth, Andre"]
[Black "Liebold, Aaron"]
[Result "1/2-1/2"]
[WhiteElo "1509"]
[BlackElo "1681"]
[PlyCount "106"]
[EventDate "2016.??.??"]
[WhiteTeam "SC Rochade Zeulenroda"]
[BlackTeam "ESV Gera"]

1. e4 c5 2. Nf3 d6 3. Be2 Nc6 4. c3 Nf6 5. d3 e6 6. O-O Be7 7. Nbd2 O-O 8. Re1
b6 9. b3 Bb7 10. Nf1 d5 11. Ng3 dxe4 12. dxe4 Qxd1 13. Bxd1 Rfd8 14. Bc2 Ba6
15. Bb2 Bd3 16. Rac1 Bxc2 17. Rxc2 Rd7 18. Ree2 Rad8 19. Rcd2 h5 20. Rxd7 Rxd7
21. Rd2 Rxd2 22. Nxd2 Ne5 23. f3 Nd3 24. Ba1 Bd6 25. Ne2 b5 26. c4 b4 27. Nf1
Nd7 28. Ne3 f6 29. g3 g5 30. Nc2 Kf7 31. Kf1 Nf8 32. Ne1 Nxe1 33. Kxe1 Ng6 34.
Nc1 Ne5 35. Bxe5 Bxe5 36. Nd3 Bd4 37. Ke2 e5 38. f4 g4 39. Kf1 Kg6 40. Kg2 Kf7
41. h3 Ke6 42. hxg4 hxg4 43. fxe5 fxe5 44. Nf2 Bxf2 45. Kxf2 a5 46. Ke3 Kd6 47.
Kd3 Kc6 48. Kc2 Kb6 49. Kb2 Ka6 50. Kc2 Kb6 51. Kb2 Ka6 52. Kc2 Kb6 53. Kb2 Ka6
1/2-1/2

[Event "Landesklasse Ost 2016/2017"]
[Site "?"]
[Date "2016.09.26"]
[Round "1"]
[White "Schubert, Nikita"]
[Black "Klich, Mirko"]
[Result "1-0"]
[WhiteElo "1591"]
[BlackElo "1356"]
[PlyCount "95"]
[EventDate "2016.??.??"]
[WhiteTeam "ESV Gera"]
[BlackTeam "SC Rochade Zeulenroda"]

1. d4 Nf6 2. Nf3 e6 3. g3 Bb4+ 4. c3 Be7 5. Bg2 d5 6. O-O O-O 7. c4 c5 8. cxd5
Nxd5 9. e4 Nf6 10. Nc3 Qb6 11. Qc2 cxd4 12. Na4 Qc6 13. Nxd4 Qxc2 14. Nxc2 Bd7
15. Nc3 e5 16. Ne3 Nc6 17. Ned5 Bc5 18. Nxf6+ gxf6 19. Bh6 Rfd8 20. Nd5 Be7 21.
Rac1 Rac8 22. Rxc6 Rxc6 23. Nxe7+ Kh8 24. Nxc6 Bxc6 25. Be3 b6 26. f4 Kg7 27.
Rc1 Rc8 28. Bh3 Rc7 29. Kf2 Kf8 30. Bf1 Ke7 31. Bb5 Kd7 32. Bxc6+ Rxc6 33. Rxc6
Kxc6 34. Ke2 h5 35. Kd3 a6 36. a4 b5 37. Kc3 exf4 38. gxf4 Kd6 39. axb5 axb5
40. Kd4 Kc6 41. f5 Kd6 42. Bf4+ Kc6 43. e5 fxe5+ 44. Kxe5 Kd7 45. Kf6 Ke8 46.
Bd6 Kd7 47. Kxf7 Kxd6 48. Kg7 1-0

[Event "Landesklasse Ost 2016/2017"]
[Site "?"]
[Date "2016.09.26"]
[Round "1"]
[White "Martin, Elvira"]
[Black "Kupper, Matthias"]
[Result "0-1"]
[WhiteElo "1240"]
[BlackElo "1782"]
[PlyCount "84"]
[EventDate "2016.??.??"]
[WhiteTeam "SC Rochade Zeulenroda"]
[BlackTeam "ESV Gera"]

1. e4 c5 2. Bc4 e6 3. Nc3 Nc6 4. d3 Nf6 5. Nf3 d6 6. h3 Be7 7. Be3 a6 8. a3 b5
9. Ba2 Bb7 10. Nd2 Qc7 11. Ne2 O-O-O 12. Ng3 h5 13. Ne2 h4 14. Nf3 Nh7 15. Qd2
d5 16. exd5 exd5 17. Ng5 Nxg5 18. Bxg5 f6 19. Bf4 Qd7 20. O-O-O g5 21. Bh2 b4
22. a4 Na5 23. b3 Bc6 24. c3 Bxa4 25. bxa4 b3 26. Qb2 Qxa4 27. Bb1 c4 28. Kd2
Ba3 29. Qxa3 Qxa3 30. d4 Rhe8 31. Bf5+ Kb7 32. Ke1 Qb2 33. Rd2 Qc1+ 34. Rd1
Qxc3+ 35. Kf1 Qb2 36. Bg4 Re7 37. g3 Rde8 38. Ng1 Qc2 39. Kg2 f5 40. Bf3 Kc6
41. Bh5 Rh8 42. Bf3 b2 0-1

[Event "Landesklasse Ost 2016/2017"]
[Site "?"]
[Date "2016.09.26"]
[Round "1"]
[White "Seidens, Gunter"]
[Black "Werner, Sebastian"]
[Result "0-1"]
[WhiteElo "1908"]
[BlackElo "1759"]
[PlyCount "106"]
[EventDate "2016.??.??"]
[WhiteTeam "VfL 1990 Gera"]
[BlackTeam "SSV Vimaria 91 Weimar"]

1. d4 Nf6 2. Nf3 e6 3. e3 c5 4. Bd3 d5 5. b3 Bd6 6. O-O O-O 7. Nbd2 b6 8. Bb2
Ba6 9. Bxa6 Nxa6 10. Qe2 Nc7 11. Rfd1 Qe7 12. e4 Nxe4 13. Nxe4 dxe4 14. Qxe4
Nd5 15. Ne5 Nf6 16. Qe2 Bxe5 17. Qxe5 Nd7 18. Qe2 Rfe8 19. Rd2 cxd4 20. Bxd4 e5
21. Bb2 Nf8 22. Rad1 f6 23. Qa6 Rad8 24. Ba3 Rxd2 25. Rxd2 Qc7 26. Bxf8 Rxf8
27. g3 Qc3 28. Qd3 Qxd3 29. Rxd3 Rf7 30. Kf1 Rc7 31. Rd8+ Kf7 32. c4 Ke6 33.
Rh8 g6 34. Ke2 Rd7 35. h4 Kd6 36. Kd3 Kc5+ 37. Kc3 Kd6 38. b4 e4 39. Kd4 f5 40.
c5+ Kc6+ 41. Kc4 b5+ 42. Kc3 Rd3+ 43. Kc2 Rf3 44. Rxh7 Rxf2+ 45. Kc3 Rxa2 46.
Rh6 Ra3+ 47. Kd4 Rd3+ 48. Ke5 Rxg3 49. h5 e3 50. hxg6 e2 51. g7+ Kc7 52. Rh1
Rxg7 53. Kxf5 Rf7+ 0-1

[Event "Landesklasse Ost 2016/2017"]
[Site "?"]
[Date "2016.09.26"]
[Round "1"]
[White "Vogel, Steffen"]
[Black "Schönfeld, Volker"]
[Result "0-1"]
[WhiteElo "1820"]
[BlackElo "1901"]
[PlyCount "82"]
[EventDate "2016.??.??"]
[WhiteTeam "SSV Vimaria 91 Weimar"]
[BlackTeam "VfL 1990 Gera"]

1. d4 Nf6 2. c4 g6 3. Nc3 d5 4. e3 Bg7 5. Nf3 O-O 6. Qc2 c6 7. b3 Bf5 8. Bd3
Bxd3 9. Qxd3 Nbd7 10. O-O Rc8 11. Bb2 e6 12. Rac1 Nh5 13. Rc2 Nb6 14. a4 f5 15.
Ne2 Qe7 16. Ra1 Rfd8 17. c5 Nd7 18. b4 g5 19. b5 g4 20. Nd2 Rf8 21. Nf1 e5 22.
Nfg3 Nxg3 23. Nxg3 e4 24. Qd2 Rf6 25. Bc1 Rcf8 26. Nh5 Rh6 27. Ng3 Qh4 28. Nf1
Rg6 29. Qa5 f4 30. exf4 Bxd4 31. Ra3 Bxc5 32. Rb3 Bb6 33. Qd2 Nc5 34. Rg3 Nd3
35. Qc3 Nxc1 36. Rxc1 Rxf4 37. Rc2 Rgf6 38. Qe5 Rxf2 39. Rxf2 Bxf2+ 40. Kh1
Bxg3 41. Nxg3 Qh6 0-1

[Event "Landesklasse Ost 2016/2017"]
[Site "?"]
[Date "2016.09.26"]
[Round "1"]
[White "Huster, Mike"]
[Black "Plontke, Ingo"]
[Result "1-0"]
[WhiteElo "1888"]
[BlackElo "1814"]
[PlyCount "94"]
[EventDate "2016.??.??"]
[WhiteTeam "VfL 1990 Gera"]
[BlackTeam "SSV Vimaria 91 Weimar"]

1. d4 f5 2. c4 Nf6 3. g3 g6 4. Bg2 Bg7 5. Nc3 O-O 6. Nf3 d6 7. O-O Qe8 8. d5
Na6 9. Rb1 Bd7 10. Nd4 c5 11. dxc6 bxc6 12. b4 Nc7 13. b5 c5 14. Nb3 Rb8 15. a4
Ng4 16. Bb2 Qd8 17. Nd5 e6 18. Bxg7 Kxg7 19. Nc3 Ne8 20. e3 Ne5 21. Qe2 Qf6 22.
Rbc1 Bc8 23. f4 Nf7 24. Na5 Nd8 25. Rfd1 Qe7 26. Qb2 Kg8 27. Qd2 Qc7 28. Nb3
Bb7 29. e4 Nf7 30. Qe3 Nf6 31. Rc2 fxe4 32. Nxe4 Nxe4 33. Bxe4 Bxe4 34. Qxe4 e5
35. f5 gxf5 36. Qxf5 Qe7 37. Na5 Ng5 38. Nc6 Qg7 39. Qd3 Nh3+ 40. Kh1 Rb7 41.
Rf1 Rxf1+ 42. Qxf1 Qg4 43. Qe2 h5 44. a5 Rf7 45. b6 Rf1+ 46. Qxf1 Qe4+ 47. Rg2
Qxc6 1-0

[Event "Landesklasse Ost 2016/2017"]
[Site "?"]
[Date "2016.09.26"]
[Round "1"]
[White "Mitter, Frank"]
[Black "Richter, Sven"]
[Result "0-1"]
[WhiteElo "1814"]
[BlackElo "1952"]
[PlyCount "100"]
[EventDate "2016.??.??"]
[WhiteTeam "SSV Vimaria 91 Weimar"]
[BlackTeam "VfL 1990 Gera"]

1. d4 Nf6 2. c4 g6 3. Nf3 Bg7 4. Nc3 O-O 5. e4 d6 6. Be2 Nbd7 7. O-O e5 8. dxe5
dxe5 9. Qc2 c6 10. Rd1 Re8 11. h3 Qc7 12. Be3 Nh5 13. Na4 Nf4 14. Bf1 b6 15. c5
b5 16. Nc3 Ne6 17. b4 Bb7 18. Rd2 a5 19. Rad1 Ndf8 20. a3 axb4 21. axb4 Red8
22. Rd6 Rd7 23. Rxd7 Nxd7 24. Qd2 Rd8 25. Qd6 Qc8 26. Bg5 Nxg5 27. Nxg5 Bf6 28.
Nf3 Kg7 29. Qd2 Nxc5 30. Qc2 Ne6 31. Ne2 Rxd1 32. Qxd1 c5 33. bxc5 Qxc5 34. Ng3
b4 35. Bd3 Bc6 36. Ne2 Qd6 37. Qb1 Nc5 38. Bc2 Qb8 39. Nc1 Qb7 40. Nd3 Nxd3 41.
Bxd3 Qb6 42. Qb3 Qc5 43. Bc4 Bxe4 44. Bxf7 Bxf3 45. gxf3 Bh4 46. Bc4 Qxf2+ 47.
Kh1 Bg3 48. Qa2 Qxf3+ 49. Kg1 Bf4 50. Bf1 Be3+ 0-1